<?xml version="1.0" encoding="UTF-8"?>
<marc:record xmlns:marc="http://www.loc.gov/MARC21/slim">
   <marc:leader>00000nam a2200000 a 4500</marc:leader>
   <marc:datafield ind1="1" ind2=" " tag="100">
      <marc:subfield code="a">Safier, David</marc:subfield>
      <marc:subfield code="4">aut</marc:subfield>
      <marc:subfield code="e">Verfasser/-in</marc:subfield>
   </marc:datafield>
   <marc:datafield ind1="0" ind2="0" tag="245">
      <marc:subfield code="a">Die Liebe sucht ein Zimmer</marc:subfield>
   </marc:datafield>
   <marc:datafield ind1="0" ind2="0" tag="245">
      <marc:subfield code="c">David Safier</marc:subfield>
   </marc:datafield>
   <marc:datafield ind1=" " ind2="1" tag="264">
      <marc:subfield code="a">Hamburg</marc:subfield>
      <marc:subfield code="b">ROWOHLT Kindler</marc:subfield>
      <marc:subfield code="c">2025</marc:subfield>
   </marc:datafield>
   <marc:datafield ind1=" " ind2=" " tag="250">
      <marc:subfield code="a">1. Auflage</marc:subfield>
   </marc:datafield>
   <marc:datafield ind1="1" ind2=" " tag="520">
      <marc:subfield code="a">Im Warschauer Ghetto 1942 erklingt aus einer kleinen Seitenstraße Musik, Gelächter und Applaus. Ein Theaterstück feiert Premiere, eine heitere Musikkomödie namens «Die Liebe sucht ein Zimmer». Die junge Schauspielerin Sara wartet nervös auf ihren Auftritt. Mit leuchtenden Augen schaut sie vom Bühnenrand ihrer großen Liebe Edmund zu, wie er die Zuschauer in den Bann schlägt und sie ihr Elend vergessen lässt. Da tritt Michal zu ihr, der Intendant des Theaters und ihr Verflossener, und macht Sara ein verlockendes Angebot: Er wird nach der Vorstellung aus dem Ghetto fliehen und bietet ihr ein Ticket in die Freiheit. Er will sie retten  vor den Nazis, dem Typhus und dem Hunger. Doch mit ihm zu fliehen, würde bedeuten, Edmund zurückzulassen und ihn nie wiederzusehen. Sara muss sich entscheiden zwischen der Liebe und dem Überleben. Dafür hat sie nur jene neunzig Minuten Zeit, in der sie mit Edmund, Michal und den anderen Schauspielern auf der Bühne steht. </marc:subfield>
   </marc:datafield>
   <marc:datafield ind1=" " ind2=" " tag="020">
      <marc:subfield code="a">9783463000473</marc:subfield>
      <marc:subfield code="9">9783463000473</marc:subfield>
   </marc:datafield>
   <marc:datafield ind1=" " ind2=" " tag="041">
      <marc:subfield code="a">ger</marc:subfield>
   </marc:datafield>
   <marc:datafield ind1=" " ind2=" " tag="300">
      <marc:subfield code="a">336 Seiten</marc:subfield>
   </marc:datafield>
</marc:record>
